Application-Specific Integrated Circuits (Record no. 2298)

MARC details
000 -LEADER
Fixed length control field 00451nam a2200157 4500
003 - CONTROL NUMBER IDENTIFIER
Control field SEACOMEC
005 - DATE AND TIME OF LATEST TRANSACTION
Control field 20250528133718.0
008 - FIXED-LENGTH DATA ELEMENTS--GENERAL INFORMATION
Fixed length control field 250528b |||||||| |||| 00| 0 eng d
020 ## - INTERNATIONAL STANDARD BOOK NUMBER / ISBN
International Standard Book Number 978-0201500226
Price 699.00
040 ## - CATALOGING SOURCE
Original cataloging agency SEACOMEC
082 ## - DEWEY DECIMAL CLASSIFICATION NUMBER
Classification number 621.3815
Book Number S652
100 ## - MAIN ENTRY--PERSONAL NAME
Personal name Smith , Michael John Sebastian
245 ## - TITLE STATEMENT
Title Application-Specific Integrated Circuits
Statement of responsibility Michael John Sebastian Smith
260 ## - IMPRINT
Place of publication New Delhi :
Name of publisher Pearson,
Date of publication 1997
942 ## - ADDED ENTRY ELEMENTS (KOHA)
Koha item type Books
Holdings
Withdrawn status Lost status Source of classification Damaged status Not for loan Home library Current library Date acquired Total Checkouts Call number Accession number Date last seen Price effective from Koha item type Copy number
    Dewey Decimal Classification     SEACOM ENGINEERING COLLEGE SEACOM ENGINEERING COLLEGE 03/11/2010   621.3815 S652 17488 28/05/2025 28/05/2025 Reference Books  
    Dewey Decimal Classification     SEACOM ENGINEERING COLLEGE SEACOM ENGINEERING COLLEGE 03/11/2010   621.3815 S652 17489 28/05/2025 28/05/2025 Books 1
    Dewey Decimal Classification     SEACOM ENGINEERING COLLEGE SEACOM ENGINEERING COLLEGE 03/11/2010   621.3815 S652 17490 28/05/2025 28/05/2025 Books 2
    Dewey Decimal Classification     SEACOM ENGINEERING COLLEGE SEACOM ENGINEERING COLLEGE 03/11/2010   621.3815 S652 17491 28/05/2025 28/05/2025 Books 3
    Dewey Decimal Classification     SEACOM ENGINEERING COLLEGE SEACOM ENGINEERING COLLEGE 03/11/2010   621.3815 S652 17492 28/05/2025 28/05/2025 Books 4
    Dewey Decimal Classification     SEACOM ENGINEERING COLLEGE SEACOM ENGINEERING COLLEGE 03/11/2010   621.3815 S652 17493 28/05/2025 28/05/2025 Books 5
    Dewey Decimal Classification     SEACOM ENGINEERING COLLEGE SEACOM ENGINEERING COLLEGE 03/11/2010   621.3815 S652 17494 28/05/2025 28/05/2025 Books 6
    Dewey Decimal Classification     SEACOM ENGINEERING COLLEGE SEACOM ENGINEERING COLLEGE 03/11/2010   621.3815 S652 17495 28/05/2025 28/05/2025 Books 7
    Dewey Decimal Classification     SEACOM ENGINEERING COLLEGE SEACOM ENGINEERING COLLEGE 03/11/2010   621.3815 S652 17496 28/05/2025 28/05/2025 Books 8
    Dewey Decimal Classification     SEACOM ENGINEERING COLLEGE SEACOM ENGINEERING COLLEGE 03/11/2010   621.3815 S652 17497 28/05/2025 28/05/2025 Books 9
© Seacom Engineering College, All rights reserved.      Powered by Koha